| 000 | 01217nam a2200241Ii 4500 | ||
|---|---|---|---|
| 003 | JO-AjNU | ||
| 005 | 20240629123716.0 | ||
| 008 | 230605s9999||||xx |||||||||||||| ||und|| | ||
| 040 |
_aJO-AjNU _bara _erda _cJO-AjNU |
||
| 041 | _aara | ||
| 050 | 1 | 4 | _ak564 2018 |
| 100 | 1 |
_aعناب، عدي محمد عبدالرحمن _eمعد _965812 |
|
| 245 | 0 |
_aالمسؤوليه الدوليه الناشئه عن الهجمات السيبرانيه في ضوء القانون الدولي المعاصر = International responsibility for cyber attacks in the light of contemporary international law / _cاعداد عدي محمد عبدالرحمن عناب؛ اشراف طلال ياسين العيسى |
|
| 264 | 3 | 1 | _a 2018 |
| 300 | _a111 ورقة | ||
| 336 |
_atext _btxt _2rdacontent |
||
| 337 |
_aunmediated _bn _2rdamedia |
||
| 338 |
_avolume _bnc _2rdacarrier |
||
| 500 | _aرساله جامعيه (ماجستير في القانون) - جامعة عجلون الوطنيه (عجلون ، الاردن) ، كلية القانون ، 2018 | ||
| 650 | 4 |
_aالجرائم المعلوماتيه - القانون الدولي _958204 |
|
| 700 | 1 |
_aالعيسى، طلال ياسين _964930 _eمشرف |
|
| 942 |
_2lcc _cTHS |
||
| 999 |
_c29693 _d29693 |
||